000 00943nas a2200301 4500
001 BR0902897
003 BR-BrBNA
005 20231205113428.0
007 ta
008 230509b bl.|||p| |||| 00| 00por d
040 _aBR-BrBNA
_bpor
_cBiblioteca Nacional de Agricultura
041 _a(Pt)
072 _aP06
100 1 _aInoue, G.H.
100 1 _aVieira, L.B.
100 1 _aSantos, G.L.
100 1 _aResende, R.C.
100 1 _aLacerda Filho, A.F.
245 1 _aDesenvolvimento e avaliação de um sistema de aquecimento de óleo vegetal para um grupo gerador
650 _aOLEO VEGETAL
650 _aAQUECIMENTO
650 _aBIOCOMBUSTIVEL
650 _aGERADOR DE ENERGIA
773 0 _tEngenharia na Agricultura (Brazil)
_xISSN 1414-3984
_g(Jan-Feb 2009), v. 17(1) p. 21-30
_wBR0902897
856 4 0 _uhttp://www.aprh.pt/rgci/pdf/rgci-155_Borges.pdf
909 _a202311
_bLúcia
_c55
_dLúcia Elande
942 _2AGRIS
_n0
_cANA
999 _c203724
_d203724